| 000 | 01350cam a2200409 i 4500 | ||
|---|---|---|---|
| 001 | 22788252 | ||
| 003 | JO-AjAnu | ||
| 005 | 20241015134530.0 | ||
| 008 | 220913s2022 gw a 000 0 eng d | ||
| 010 | _a 2022289411 | ||
| 015 |
_aGBC278779 _2bnb |
||
| 016 | 7 |
_a020573921 _2Uk |
|
| 020 |
_a9783791389066 _q(hbk.) |
||
| 020 | _a3791389068 | ||
| 035 | _a(OCoLC)on1314281269 | ||
| 040 |
_aUKMGB _beng _cUKMGB _erda _dOCLCF _dBDX _dDLC _dJO-AjAnu |
||
| 042 | _alccopycat | ||
| 050 | 0 | 0 |
_aNA7800 _b.T37 2022 |
| 082 | 0 | 4 |
_a747.885 _223 |
| 245 | 0 | 0 |
_aTaste and place : _bthe design hotels book. |
| 264 | 1 |
_aMunich : _bPrestel, _c2022. |
|
| 300 |
_a352 pages : _billustrations (colour) ; _c30 cm |
||
| 336 |
_atext _2rdacontent |
||
| 336 |
_astill image _2rdacontent |
||
| 337 |
_aunmediated _2rdamedia |
||
| 338 |
_avolume _2rdacarrier |
||
| 650 | 0 |
_aHotels _xDecoration. |
|
| 650 | 0 |
_aHotels _xDecoration _vPictorial works. |
|
| 650 | 0 | _aHotel restaurants. | |
| 650 | 0 |
_aHotel restaurants _vPictorial works. |
|
| 650 | 7 |
_aHotel restaurants. _2fast _0(OCoLC)fst01763303 |
|
| 650 | 7 |
_aHotels _xDecoration. _2fast _0(OCoLC)fst00961780 |
|
| 655 | 7 |
_aPictorial works. _2fast _0(OCoLC)fst01423874 |
|
| 906 |
_a7 _bcbc _ccopycat _d2 _encip _f20 _gy-gencatlg |
||
| 942 |
_2lcc _cBK _n0 |
||
| 999 |
_c33708 _d33708 |
||